00722 2200277 4500001002100000005001500021035002000036007000300056008004100059100002100100245010100121250001100222300002000233020001800253082001300271084001700284084001900301260003500320600001100355990001300366990001300379990001300392990001300405990001300418990001300431INLIS00000000000824420251218064201 a0010-0322000263ta251218 g 0 ind 0 aSardar, Ziauddin1 aNgaji Quran di Zaman Edan :bsebuah tafsir untuk menjawab persoalan mutakhir /cSardar, Ziauddin acet. 1 a639hal ;c21 cm a9786022900092 a297.1226 a297.13 SAR n a297.1226 SAR n aJakarta :bSERAMBI ILMU,c2020 4aqur'an a022.7502 a022.7503 a022-7504 a023.3674 a023.3675 a023.3676